Every Municipality in Essex County, Ontario on a Map - Statistics

General Stats
  • This quiz has been taken 17 times
  • The average score is 7 of 8
Answers on the Map
Answers color-coded by a green-red scale on the quiz's map according to % correct below.
 
Answer Stats
Answer % Correct
Windsor
100%
Amherstburg
89%
LaSalle
89%
Tecumseh
89%
Essex
78%
Leamington
78%
Kingsville
67%
Lakeshore
67%
No matching quizzes found
Score Distribution
Percent of People with Each Score
Percentile by Number Answered
Your Score History
You have not taken this quiz